000 00406ntaaa2200169 4500
003 01
005 20251027202829.0
008 0714s1973 ag 01
040 _aAR-BaBN
_bspa
_cAR-BaBN
_eaacr
_dRIC
082 _a922.0000 B99
100 _aByström, J
_928889
245 _aEn Filippinernas Apostel
250 _a1 ed.
260 _aStockholm :
_bB.M. Bokförlags,
_cc1934
300 _a192 p
942 _cBK
999 _c23688
_d23688